[Event "14. Sparkassen Open 2015 - Gruppe A"]
[Site "Forchheim"]
[Date "2015.10.03"]
[Round "3.13"]
[White "Wichmann, Adrian"]
[Black "Eber, Fabian"]
[Result "0-1"]
[WhiteElo "2009"]
[BlackElo "2064"]
[PlyCount "64"]
[EventDate "2015.??.??"]
[WhiteTeam "SC Forchheim"]
[BlackTeam "SGem Fürth"]

1. e4 c6 2. d4 d5 3. Nc3 dxe4 4. Nxe4 Nf6 5. Nxf6+ exf6 6. Nf3 Bg4 7. Be2 Bd6
8. O-O O-O 9. Be3 f5 10. Ne5 Bxe2 11. Qxe2 Qc7 12. Nf3 Re8 13. Qd3 g6 14. Rfe1
Nd7 15. h3 Nf6 16. c4 Ne4 17. Rac1 Rad8 18. Ng5 Bb4 19. Red1 Qe7 20. Nxe4 fxe4
21. Qb3 Bd6 22. d5 Qe5 23. g3 c5 24. Bf4 Qf5 25. Bxd6 Rxd6 26. Kg2 Rb6 27. Qc3
e3 28. fxe3 Qe4+ 29. Kh2 Qf3 30. b3 Rxe3 31. Qxe3 Qxe3 32. d6 Rxd6 0-1

[Event "14. Sparkassen Open 2015 - Gruppe A"]
[Site "Forchheim"]
[Date "2015.10.03"]
[Round "3.14"]
[White "Eiber, Manfred"]
[Black "Süß, Stefan"]
[Result "1/2-1/2"]
[WhiteElo "2154"]
[BlackElo "2004"]
[PlyCount "60"]
[EventDate "2015.??.??"]
[WhiteTeam "SW Nürnberg Süd"]
[BlackTeam "SC Noris-Tarrasch Nürnberg"]

1. d4 d5 2. Nf3 Nf6 3. c4 e6 4. Nc3 Be7 5. Bg5 O-O 6. e3 Nbd7 7. Be2 Ne4 8.
Nxe4 dxe4 9. Bxe7 Qxe7 10. Nd2 f5 11. Qc2 b6 12. O-O Bb7 13. f3 Qg5 14. f4 Qe7
15. c5 bxc5 16. dxc5 Qxc5 17. Qxc5 Nxc5 18. Rfc1 Rfd8 19. Nf1 Ba6 20. Rxc5 Bxe2
21. Rxc7 Bxf1 22. Kxf1 Rd2 23. Rac1 Rxb2 24. Rc8+ Rxc8 25. Rxc8+ Kf7 26. Rc7+
Kf6 27. Rxa7 Rb1+ 28. Kf2 Rb2+ 29. Kf1 Rb1+ 30. Kf2 Rb2+ 1/2-1/2

[Event "14. Sparkassen Open 2015 - Gruppe A"]
[Site "Forchheim"]
[Date "2015.10.03"]
[Round "3.15"]
[White "Bachstein, Dustin"]
[Black "Gentner, Markus"]
[Result "1/2-1/2"]
[WhiteElo "2083"]
[BlackElo "2021"]
[PlyCount "98"]
[EventDate "2015.??.??"]
[WhiteTeam "SC Erlangen"]
[BlackTeam "SC Murrhardt"]

1. d4 Nf6 2. c4 c5 3. d5 b5 4. cxb5 a6 5. bxa6 d6 6. Nc3 Bxa6 7. Nf3 g6 8. g3
Bg7 9. Bg2 O-O 10. O-O Nbd7 11. Rb1 Qa5 12. Bd2 Rfb8 13. Qc2 Ng4 14. b3 Ra7 15.
Rfd1 Nge5 16. Ne1 Qb6 17. h3 Nf6 18. b4 Qd8 19. bxc5 dxc5 20. Be3 Nfd7 21. Rxb8
Qxb8 22. Rb1 Qc7 23. Nb5 Bxb5 24. Rxb5 Ra3 25. Bc1 Ra5 26. Rxa5 Qxa5 27. Bd2
Qb5 28. Bf1 Nb6 29. e4 c4 30. f4 Ned7 31. Bc3 Bxc3 32. Qxc3 Qb1 33. Nc2 Qxa2
34. Nd4 Qb1 35. Qc2 Qe1 36. Kg2 Nc5 37. Be2 c3 38. Nf3 Qa1 39. Nd4 Qb2 40. Kf3
Qa1 41. Qd1 Qb2 42. Nc2 Nb3 43. Bd3 Nd2+ 44. Ke2 Nb1 45. Ke3 Nd7 46. Nd4 Na3
47. Nc2 Nb1 48. Nd4 Na3 49. Nc2 Nb1 1/2-1/2

[Event "14. Sparkassen Open 2015 - Gruppe A"]
[Site "Forchheim"]
[Date "2015.10.03"]
[Round "3.16"]
[White "Ulusoy, Tolga"]
[Black "Walter, Florian"]
[Result "1-0"]
[WhiteElo "2084"]
[BlackElo "2160"]
[PlyCount "161"]
[EventDate "2015.??.??"]
[WhiteTeam "SC Noris-Tarrasch Nürnberg"]
[BlackTeam "SC Noris-Tarrasch Nürnberg"]

1. e4 c5 2. c3 g6 3. d4 cxd4 4. cxd4 d5 5. e5 Nc6 6. Nc3 Bg7 7. Bb5 Nh6 8. h3
e6 9. Nf3 Nf5 10. O-O Bd7 11. Bxc6 Bxc6 12. Bg5 Qd7 13. Bf6 Bxf6 14. exf6 h5
15. g4 hxg4 16. hxg4 Nd6 17. Kg2 O-O-O 18. Ne5 Qc7 19. b3 Ne4 20. Qd3 Nxf6 21.
Rac1 Nd7 22. f4 Nxe5 23. fxe5 Kb8 24. Rh1 Qe7 25. Qe3 Rh4 26. Rxh4 Qxh4 27. Qh3
Qg5 28. Rd1 Rc8 29. Qf3 Be8 30. Kg3 a6 31. Rd3 Qc1 32. Qe3 Qf1 33. Qf3 Qe1+ 34.
Kf4 b5 35. Qe3 Qf1+ 36. Qf3 Qxf3+ 37. Rxf3 b4 38. Na4 Bxa4 39. bxa4 Rc4 40. Rd3
Kc7 41. Kg5 Rc3 42. Rd2 Kb6 43. Rf2 Rc7 44. Kf6 Ka5 45. Kg7 Kxa4 46. Rxf7 Rc2
47. Re7 Ka3 48. Rxe6 a5 49. Ra6 a4 50. e6 Rxa2 51. e7 Re2 52. Kf7 Rxe7+ 53.
Kxe7 b3 54. Rxg6 Kb2 55. g5 a3 56. Ra6 a2 57. g6 Kc3 58. g7 b2 59. g8=Q a1=Q
60. Qg3+ Kd2 61. Qg5+ Kd3 62. Qf5+ Kd2 63. Rxa1 bxa1=Q 64. Qxd5 Qa7+ 65. Ke6
Ke3 66. Qe5+ Kd3 67. d5 Qa8 68. Qf5+ Kc4 69. Qf4+ Kc5 70. Qc7+ Kd4 71. d6 Qd5+
72. Ke7 Qe5+ 73. Kd8 Qh8+ 74. Kd7 Qh7+ 75. Kc6 Qe4+ 76. Kb6 Qb1+ 77. Ka7 Qa2+
78. Kb7 Qd5+ 79. Qc6 Qf7+ 80. d7 Ke5 81. Kc8 1-0

[Event "14. Sparkassen Open 2015 - Gruppe A"]
[Site "Forchheim"]
[Date "2015.10.03"]
[Round "3.17"]
[White "Köhler, Gerhard"]
[Black "Fischer, Gerd"]
[Result "1-0"]
[WhiteElo "2178"]
[BlackElo "2096"]
[PlyCount "115"]
[EventDate "2015.??.??"]
[WhiteTeam "USV VB Halle"]
[BlackTeam "FC Gunzenhausen"]

1. c4 Nf6 2. Nc3 e5 3. g3 d5 4. cxd5 Nxd5 5. Bg2 Nxc3 6. bxc3 c6 7. Qc2 Bd6 8.
Nf3 O-O 9. O-O Qe7 10. d3 h6 11. a4 Nd7 12. Nh4 Nf6 13. e4 Rd8 14. d4 Bc7 15.
Ba3 Qe8 16. dxe5 Bxe5 17. f4 Bc7 18. h3 Nh5 19. Kh2 Be6 20. Qe2 Nf6 21. c4 Ba5
22. Rad1 Rxd1 23. Rxd1 Rd8 24. Rxd8 Qxd8 25. e5 Ne8 26. f5 Bc8 27. Qe3 Bc7 28.
f6 Be6 29. Qxa7 Bxe5 30. Qxb7 Bxf6 31. Qxc6 Bxh4 32. gxh4 Qb8+ 33. Kg1 Qb1+ 34.
Bf1 Nf6 35. Qb5 Qe1 36. Qb8+ Kh7 37. Qf4 Bxc4 38. Qxc4 Qg3+ 39. Kh1 Qf3+ 40.
Kh2 Qxa3 41. Qd3+ Qxd3 42. Bxd3+ Kg8 43. Kg3 Kf8 44. a5 Nd7 45. a6 Nb6 46. h5
Ke7 47. Kf4 Kd6 48. a7 Nd5+ 49. Kf5 Nc7 50. Bc4 Ke7 51. Ke5 g6 52. hxg6 fxg6
53. Bd3 g5 54. Kf5 Kf7 55. Bc4+ Ke7 56. Kg6 Kd6 57. Kxh6 Kc5 58. Kxg5 1-0

[Event "14. Sparkassen Open 2015 - Gruppe A"]
[Site "Forchheim"]
[Date "2015.10.03"]
[Round "3.18"]
[White "Kolthoff, Siegmund"]
[Black "Martin Fernandez, Rodrigo"]
[Result "1/2-1/2"]
[WhiteElo "2077"]
[BlackElo "2137"]
[PlyCount "67"]
[EventDate "2015.??.??"]
[WhiteTeam "Breloher SC"]
[BlackTeam "SC Erlangen"]

1. Nf3 Nf6 2. c4 e6 3. g3 d5 4. d4 Be7 5. Bg2 O-O 6. O-O dxc4 7. Qa4 a6 8. Qxc4
b5 9. Qc2 Bb7 10. Bd2 Be4 11. Qc1 Nc6 12. e3 b4 13. Qc4 Na5 14. Qe2 Qd5 15. Rc1
Rfc8 16. Be1 Qb7 17. Nbd2 Bd5 18. Bf1 c5 19. dxc5 Bxc5 20. Ne5 Bd6 21. Nec4
Nxc4 22. Nxc4 Bc7 23. Qd2 a5 24. a3 Ne4 25. Qd1 Ng5 26. Nd2 bxa3 27. bxa3 a4
28. Rab1 Qa7 29. Rb4 Rcb8 30. Rxb8+ Rxb8 31. Qc2 Bd8 32. e4 Bb3 33. Qd3 h6 34.
Rb1 1/2-1/2

[Event "14. Sparkassen Open 2015 - Gruppe A"]
[Site "Forchheim"]
[Date "2015.10.03"]
[Round "3.19"]
[White "Lenhardt, Manfred"]
[Black "Hock, Gerold"]
[Result "1/2-1/2"]
[WhiteElo "2113"]
[BlackElo "2100"]
[PlyCount "77"]
[EventDate "2015.??.??"]
[WhiteTeam "SC Weisse Dame (Berlin)"]
[BlackTeam "SC Großwelzheim"]

1. d4 d6 2. g3 e5 3. c3 c6 4. Bg2 h5 5. dxe5 dxe5 6. Qxd8+ Kxd8 7. Nf3 f6 8.
Nh4 Ne7 9. f4 Nd7 10. Na3 Rg8 11. Nc4 exf4 12. gxf4 g5 13. fxg5 fxg5 14. Nf3 g4
15. Ng5 Ng6 16. O-O Bc5+ 17. Kh1 Nb6 18. Na5 Re8 19. b4 Be3 20. Bxe3 Rxe3 21.
b5 cxb5 22. Rf7 Re7 23. Raf1 Ne5 24. Rf8+ Kc7 25. Rh8 Bd7 26. Rxh5 Rb8 27. Ne4
Nd5 28. Nc5 Ne3 29. Nxd7 Kxd7 30. Rf4 Nxg2 31. Kxg2 Rc8 32. Nxb7 Rxc3 33. Re4
Ng6 34. Rxe7+ Kxe7 35. Rxb5 Nf4+ 36. Kf2 Rc2 37. Kg3 Nxe2+ 38. Kxg4 Rxa2 39. h4
1/2-1/2

[Event "14. Sparkassen Open 2015 - Gruppe A"]
[Site "Forchheim"]
[Date "2015.10.03"]
[Round "3.20"]
[White "Machlin, Maxim"]
[Black "Meulner, Klaus"]
[Result "0-1"]
[WhiteElo "2015"]
[BlackElo "2134"]
[PlyCount "79"]
[EventDate "2015.??.??"]
[WhiteTeam "Biebertaler SF"]
[BlackTeam "SW Nürnberg Süd"]

1. e4 c5 2. Nf3 e6 3. Nc3 Nc6 4. d4 cxd4 5. Nxd4 Qc7 6. g3 d6 7. Bg2 Bd7 8. O-O
Nf6 9. Ndb5 Qb8 10. f4 a6 11. Nd4 Nxd4 12. Qxd4 Bc6 13. e5 dxe5 14. fxe5 Nd7
15. Bxc6 bxc6 16. Qf2 Bc5 17. Be3 Bxe3 18. Qxe3 O-O 19. b3 Qxe5 20. Qxe5 Nxe5
21. Rae1 Ng4 22. Rf4 Nf6 23. Rc4 Rfc8 24. Ne2 Nd5 25. Nf4 g5 26. Nd3 a5 27. a4
h5 28. Re5 g4 29. Rg5+ Kf8 30. Rxh5 f5 31. Rh6 c5 32. Nxc5 Kf7 33. Rh7+ Kg6 34.
Rd7 Nb6 35. Rcd4 Nxd7 36. Nxd7 Rxc2 37. Nb6 Rb8 38. Nc4 Rxb3 39. Nxa5 Rbb2 40.
Rd1 0-1

[Event "14. Sparkassen Open 2015 - Gruppe A"]
[Site "Forchheim"]
[Date "2015.10.03"]
[Round "3.21"]
[White "Haasner, Tom"]
[Black "Nuding, Matthias"]
[Result "1-0"]
[WhiteElo "1942"]
[BlackElo "2140"]
[PlyCount "85"]
[EventDate "2015.??.??"]
[WhiteTeam "SV Bannewitz"]
[BlackTeam "SC Noris-Tarrasch Nürnberg"]

1. d4 e6 2. c4 Nf6 3. Nf3 d5 4. Nc3 Be7 5. Bf4 O-O 6. e3 c5 7. dxc5 Bxc5 8. Qc2
Qa5 9. O-O-O Bb4 10. Nb5 Na6 11. a3 Be7 12. Be5 Bd7 13. Bc3 Qd8 14. Ng5 g6 15.
h4 Bxb5 16. cxb5 Nc5 17. h5 Nce4 18. Bxf6 Nxg5 19. Bc3 Bf6 20. Kb1 Bxc3 21.
Qxc3 Ne4 22. Qe1 Qf6 23. f3 Nc5 24. Ka2 b6 25. Be2 Rac8 26. Qd2 Rc7 27. Rc1
Rfc8 28. Rc2 Nd7 29. Rxc7 Rxc7 30. hxg6 hxg6 31. Rc1 Qe5 32. f4 Qd6 33. Rh1 Qf8
34. f5 exf5 35. Qxd5 Nf6 36. Qe5 Qe7 37. Qh2 Kf8 38. Qh6+ Ke8 39. Qh8+ Kd7 40.
Rd1+ Ke6 41. Rd4 Qe8 42. Qh2 Rd7 43. Bc4+ 1-0

[Event "14. Sparkassen Open 2015 - Gruppe A"]
[Site "Forchheim"]
[Date "2015.10.03"]
[Round "3.22"]
[White "Imcke, Patrick"]
[Black "Weigert, Wilhelm"]
[Result "1/2-1/2"]
[WhiteElo "2119"]
[BlackElo "2037"]
[PlyCount "110"]
[EventDate "2015.??.??"]
[WhiteTeam "SF Katernberg"]
[BlackTeam "Post Regensburg"]

1. e4 d6 2. d4 Nf6 3. Nc3 g6 4. f3 c6 5. Be3 Nbd7 6. Qd2 b5 7. g4 Nb6 8. g5
Nfd7 9. d5 Ne5 10. b3 b4 11. Nd1 Bg7 12. Bd4 c5 13. Bb2 f6 14. h4 a5 15. a4 c4
16. Bd4 Ba6 17. Qe3 Rb8 18. Nf2 Bc8 19. Bh3 Bxh3 20. Ngxh3 Nbd7 21. h5 f5 22.
Rd1 cxb3 23. cxb3 Nxf3+ 24. Qxf3 Bxd4 25. Rxd4 Qb6 26. Rd1 Ne5 27. Qe2 O-O 28.
hxg6 hxg6 29. Nd3 Rbc8 30. Nxe5 dxe5 31. Nf2 Rc3 32. Rh3 Rfc8 33. Kf1 Rxh3 34.
Nxh3 Rc3 35. Nf2 f4 36. Rd3 Rc1+ 37. Kg2 Qc5 38. Qg4 Rc2 39. Qh4 Kf7 40. Rf3
Rc3 41. Ng4 Qd4 42. Qh7+ Ke8 43. Qg8+ Kd7 44. Qe6+ Kd8 45. Nxe5 Rc2+ 46. Kh3
Kc7 47. Qxe7+ Kb6 48. Rxf4 Rc7 49. Rf6+ Kb7 50. Qe6 Rh7+ 51. Kg3 Qg1+ 52. Kf3
Qf1+ 53. Kg3 Qg1+ 54. Kf3 Qf1+ 55. Kg3 Qg1+ 1/2-1/2

[Event "14. Sparkassen Open 2015 - Gruppe A"]
[Site "Forchheim"]
[Date "2015.10.04"]
[Round "4.1"]
[White "Seidens, Udo"]
[Black "Wenninger, Philipp"]
[Result "0-1"]
[WhiteElo "2233"]
[BlackElo "2249"]
[PlyCount "66"]
[EventDate "2015.??.??"]
[WhiteTeam "SK Schweinfurt"]
[BlackTeam "SC Erlangen"]

1. c4 e5 2. Nc3 c6 3. Nf3 d6 4. d4 Nd7 5. g3 Ngf6 6. Bg2 g6 7. O-O Bg7 8. Bg5
O-O 9. dxe5 dxe5 10. Qc1 Re8 11. Rd1 Qc7 12. Bh6 Bh8 13. h3 a5 14. Qe3 Nb6 15.
b3 a4 16. Ng5 Bf5 17. Rac1 axb3 18. axb3 Rad8 19. Qc5 Nbd7 20. Qb4 e4 21. c5
Qe5 22. Qc4 Qe7 23. b4 Bg7 24. Bxg7 Kxg7 25. g4 Ne5 26. Qb3 h6 27. gxf5 hxg5
28. Nxe4 Nxe4 29. Bxe4 Qf6 30. Qc2 g4 31. hxg4 Nxg4 32. Rxd8 Rxd8 33. Bg2 g5
0-1

[Event "14. Sparkassen Open 2015 - Gruppe A"]
[Site "Forchheim"]
[Date "2015.10.04"]
[Round "4.2"]
[White "Solonar, Stefan"]
[Black "De Silva, Joel Niels"]
[Result "1/2-1/2"]
[WhiteElo "2346"]
[BlackElo "2069"]
[PlyCount "170"]
[EventDate "2015.??.??"]
[WhiteTeam "SC Heusenstamm"]
[BlackTeam "SV Hockenheim"]

1. c4 e5 2. Nc3 Nc6 3. Nf3 d6 4. d4 exd4 5. Nxd4 Nxd4 6. Qxd4 Nf6 7. e4 Be7 8.
Be2 O-O 9. O-O Bd7 10. Bf4 Be6 11. b4 Nd7 12. Qd2 Bf6 13. f3 b6 14. Rac1 a5 15.
a3 axb4 16. axb4 Qe7 17. Nd5 Bxd5 18. cxd5 Ra7 19. Rc2 Rfa8 20. Rfc1 Ne5 21.
Be3 Qd7 22. f4 Ng6 23. g3 Bd8 24. Bd4 Qe8 25. Bd3 Ra3 26. Qe2 Qa4 27. Bb2 Rb3
28. Ra1 Qxa1+ 29. Bxa1 Rxa1+ 30. Kg2 Raa3 31. Bb5 Rxb4 32. e5 dxe5 33. fxe5 Rd4
34. d6 cxd6 35. exd6 Rxd6 36. Qe8+ Nf8 37. Bc4 Ra7 38. Rf2 Bf6 39. Qb8 Rad7 40.
Re2 Rd8 41. Qc7 R8d7 42. Qc8 Rd2 43. Kf3 Rxe2 44. Kxe2 Bd4 45. Kf3 Bc5 46. Qe8
Re7 47. Qc8 g6 48. Qa8 h6 49. Kg2 Rd7 50. h4 h5 51. Qa2 Nh7 52. Qc2 Kg7 53.
Qb2+ Nf6 54. Be2 Bd4 55. Qb4 Bc5 56. Qb2 Rd4 57. Bf3 Rb4 58. Qc3 Ra4 59. Qb2
Ra3 60. Bc6 Re3 61. Bf3 Rd3 62. Be2 Rd4 63. Bf3 Ng4 64. Bxg4 hxg4 65. Qe2 f5
66. Qe5+ Kf7 67. h5 Re4 68. Qd5+ Kg7 69. Qd7+ Re7 70. Qc8 Rf7 71. Qd8 Be7 72.
Qd4+ Bf6 73. Qd5 Re7 74. hxg6 Kxg6 75. Qg8+ Bg7 76. Qd8 Re2+ 77. Kf1 Re6 78.
Qd7 Rf6 79. Ke2 Bf8 80. Qe8+ Kg7 81. Qd7+ Kg6 82. Qe8+ Kg5 83. Qe3+ Kh5 84.
Qe8+ Kg5 85. Qe3+ Kg6 1/2-1/2

[Event "14. Sparkassen Open 2015 - Gruppe A"]
[Site "Forchheim"]
[Date "2015.10.04"]
[Round "4.3"]
[White "Thinius, Marco"]
[Black "Braun, Michael"]
[Result "1-0"]
[WhiteElo "2320"]
[BlackElo "2019"]
[PlyCount "73"]
[EventDate "2015.??.??"]
[WhiteTeam "SV Empor Berlin"]
[BlackTeam "SG Büchenbach/Roth"]

1. Nf3 Nf6 2. c4 e6 3. g3 d5 4. Bg2 c6 5. O-O Bd6 6. d4 O-O 7. b3 b6 8. Qc2 Bb7
9. Nc3 Nbd7 10. Bb2 Rc8 11. e4 dxe4 12. Nxe4 Nxe4 13. Qxe4 Re8 14. Rad1 Qc7 15.
Rfe1 Re7 16. Ng5 Nf8 17. Qg4 Rce8 18. c5 bxc5 19. dxc5 Bxc5 20. Ne4 f5 21. Nf6+
Kh8 22. Nxe8 Rxe8 23. Qh5 Re7 24. Re2 Qa5 25. Red2 Bb6 26. Qh4 Rf7 27. Qc4 Kg8
28. b4 Qa4 29. Bd4 Ba6 30. Qc3 Bxd4 31. Rxd4 e5 32. Rd6 e4 33. Qxc6 Bb5 34. Qc5
Bd3 35. R1xd3 exd3 36. Bd5 Qd1+ 37. Kg2 1-0

[Event "14. Sparkassen Open 2015 - Gruppe A"]
[Site "Forchheim"]
[Date "2015.10.04"]
[Round "4.4"]
[White "Heimrath, Reiner"]
[Black "Hilverda, Alexander"]
[Result "0-1"]
[WhiteElo "2191"]
[BlackElo "2384"]
[PlyCount "108"]
[EventDate "2015.??.??"]
[WhiteTeam "SC Noris-Tarrasch Nürnberg"]
[BlackTeam "SC Erlangen"]

1. c4 e5 2. Nc3 Nf6 3. g3 Bb4 4. Bg2 O-O 5. Nf3 Re8 6. O-O c6 7. Qb3 Bf8 8. d3
h6 9. e4 d6 10. h3 Nbd7 11. Be3 Nc5 12. Qc2 a5 13. b3 Bd7 14. a3 Qc8 15. Kh2 a4
16. b4 Nb3 17. Rad1 b5 18. Nd2 Qa6 19. Ncb1 Nxd2 20. Nxd2 c5 21. bxc5 dxc5 22.
f4 Rab8 23. fxe5 Nh7 24. Rf2 b4 25. Nb1 bxa3 26. Nxa3 Rb3 27. Qa2 Reb8 28. Bc1
Qa5 29. Bd2 Qb6 30. Bc1 g5 31. Qe2 Bg7 32. Qh5 Be8 33. Qf3 Bxe5 34. Nb5 Rb7 35.
Qf5 Qf6 36. Qc8 Qe7 37. Rdf1 Kg7 38. Rf5 Rb8 39. Qa6 Rxd3 40. Kh1 f6 41. Qxa4
Rxg3 42. Rxe5 fxe5 43. Bb2 Rxg2 44. Kxg2 Bg6 45. Qa1 Re8 46. Kh2 Nf6 47. Nc3 g4
48. Nd5 Nxd5 49. exd5 Qg5 50. Qa7+ Kg8 51. Qxc5 g3+ 52. Kg1 Qd2 53. Rf6 Qh2+
54. Kf1 g2+ 0-1

[Event "14. Sparkassen Open 2015 - Gruppe A"]
[Site "Forchheim"]
[Date "2015.10.04"]
[Round "4.5"]
[White "Heidrich, Manfred"]
[Black "Reis, Gerhard"]
[Result "1/2-1/2"]
[WhiteElo "2348"]
[BlackElo "2197"]
[PlyCount "43"]
[EventDate "2015.??.??"]
[WhiteTeam "SC Forchheim"]
[BlackTeam "SW Nürnberg Süd"]

1. e4 c5 2. Nf3 d6 3. Bb5+ Nd7 4. O-O a6 5. Bxd7+ Bxd7 6. d4 cxd4 7. Qxd4 e5 8.
Qd3 h6 9. a4 Nf6 10. Re1 Be7 11. c4 Rc8 12. b3 Qc7 13. Nc3 O-O 14. Ba3 Be6 15.
Rac1 Rfd8 16. Nd2 Qb8 17. Nf1 Rd7 18. Qe2 Bd8 19. Ne3 Ba5 20. b4 Bb6 21. Ned5
Bxd5 22. Nxd5 1/2-1/2

[Event "14. Sparkassen Open 2015 - Gruppe A"]
[Site "Forchheim"]
[Date "2015.10.04"]
[Round "4.6"]
[White "Eber, Fabian"]
[Black "Promyshlyanskyy, Vitaliy"]
[Result "1-0"]
[WhiteElo "2064"]
[BlackElo "2236"]
[PlyCount "107"]
[EventDate "2015.??.??"]
[WhiteTeam "SGem Fürth"]
[BlackTeam "SC Noris-Tarrasch Nürnberg"]

1. e4 e5 2. Nf3 Nc6 3. Bb5 Nge7 4. Nc3 d6 5. d4 a6 6. Bxc6+ Nxc6 7. dxe5 dxe5
8. Qxd8+ Kxd8 9. Bg5+ f6 10. O-O-O+ Bd6 11. Be3 Ke8 12. Nd5 Be6 13. c4 Rc8 14.
Rhg1 Kf7 15. g4 h5 16. g5 Bg4 17. g6+ Ke8 18. Nh4 Bxd1 19. Rxd1 Bf8 20. Nf5 Rg8
21. f4 Ne7 22. Nxc7+ Rxc7 23. Nd6+ Kd7 24. Nf7+ Nd5 25. Rxd5+ Ke8 26. Rd8+ Ke7
27. f5 Rxc4+ 28. Kd2 a5 29. Bb6 h4 30. Kd3 Rc1 31. Bxa5 Rd1+ 32. Bd2 Rh8 33. h3
Rh5 34. Kc2 Rxd2+ 35. Rxd2 Rg5 36. Nxg5 fxg5 37. Rg2 Kf6 38. Kb3 Bc5 39. Kc4
Be3 40. b4 Bf4 41. Rg4 Bd2 42. a4 Be1 43. a5 Bd2 44. Rg2 Be1 45. Rg1 Bd2 46.
Rd1 Be3 47. Rd7 g4 48. hxg4 h3 49. Rf7+ Kg5 50. Rxg7 Bf2 51. Rh7 Bh4 52. g7 h2
53. g8=Q+ Kf4 54. Rxh4 1-0

[Event "14. Sparkassen Open 2015 - Gruppe A"]
[Site "Forchheim"]
[Date "2015.10.04"]
[Round "4.7"]
[White "Dorst, Johannes"]
[Black "Steinhart, Christoph"]
[Result "1-0"]
[WhiteElo "2223"]
[BlackElo "2059"]
[PlyCount "42"]
[EventDate "2015.??.??"]
[WhiteTeam "SK Marburg"]
[BlackTeam "TSV Schönaich"]

1. e4 e6 2. d4 d5 3. Nc3 Bb4 4. e5 c5 5. a3 Bxc3+ 6. bxc3 Qc7 7. Qg4 Ne7 8. Bd3
cxd4 9. Ne2 dxc3 10. Qxg7 Rg8 11. Qxh7 Qxe5 12. h4 Rxg2 13. Bg5 Nbc6 14. Kf1
Rxg5 15. hxg5 Qxg5 16. Qh8+ Kd7 17. Qxc3 b6 18. Rh7 Bb7 19. Rxf7 Rg8 20. Qf6
Qh5 21. Nf4 Qe5 1-0

[Event "14. Sparkassen Open 2015 - Gruppe A"]
[Site "Forchheim"]
[Date "2015.10.04"]
[Round "4.8"]
[White "Kast, Joannis"]
[Black "Mooser, Stefan"]
[Result "0-1"]
[WhiteElo "2023"]
[BlackElo "2148"]
[PlyCount "48"]
[EventDate "2015.??.??"]
[WhiteTeam "SK Jöhlingen"]
[BlackTeam "PSV Dorfen"]

1. e4 c5 2. Nf3 e6 3. d4 cxd4 4. Nxd4 Nc6 5. c4 Nf6 6. Nc3 Bb4 7. f3 O-O 8. Be2
d5 9. exd5 exd5 10. O-O Bc5 11. Be3 dxc4 12. Nc2 Bxe3+ 13. Nxe3 Qb6 14. Qc1 Re8
15. Kf2 Nb4 16. Re1 Bf5 17. Bxc4 Nc2 18. Re2 Nxe3 19. Rxe3 Rxe3 20. Qxe3 Qxb2+
21. Ne2 Qxa1 22. Qb3 Qb1 23. Bxf7+ Kf8 24. Nd4 Qxb3 0-1

[Event "14. Sparkassen Open 2015 - Gruppe A"]
[Site "Forchheim"]
[Date "2015.10.04"]
[Round "4.10"]
[White "Golda, Harald"]
[Black "Ulusoy, Tolga"]
[Result "1-0"]
[WhiteElo "2346"]
[BlackElo "2084"]
[PlyCount "69"]
[EventDate "2015.??.??"]
[WhiteTeam "SK Schweinfurt"]
[BlackTeam "SC Noris-Tarrasch Nürnberg"]

1. d4 Nf6 2. Nf3 c5 3. d5 b5 4. Bg5 d6 5. Bxf6 gxf6 6. e4 Bg4 7. Bxb5+ Nd7 8.
h3 Bh5 9. c3 Rb8 10. Qa4 Bh6 11. g4 Bg6 12. Nbd2 Bxd2+ 13. Nxd2 h5 14. O-O-O
Qc7 15. Bxd7+ Qxd7 16. Qxd7+ Kxd7 17. f4 e6 18. f5 Bh7 19. dxe6+ fxe6 20. Nc4
d5 21. fxe6+ Kxe6 22. exd5+ Kd7 23. Rhf1 Rbf8 24. Rf4 hxg4 25. hxg4 Bg6 26.
Rdf1 Ke7 27. Ne3 Bd3 28. Rd1 Bg6 29. Ra4 Ra8 30. Ra6 Rh3 31. Re1 Kf7 32. Rf1
Rxe3 33. Rfxf6+ Kg7 34. Rxg6+ Kh7 35. Rge6 1-0

[Event "14. Sparkassen Open 2015 - Gruppe A"]
[Site "Forchheim"]
[Date "2015.10.04"]
[Round "4.11"]
[White "Schulz, Lukas"]
[Black "Schäfers, Andreas"]
[Result "1/2-1/2"]
[WhiteElo "2167"]
[BlackElo "2037"]
[PlyCount "171"]
[EventDate "2015.??.??"]
[WhiteTeam "SC Höchstadt/Aisch"]
[BlackTeam "SV Koblenz"]

1. e4 c5 2. b4 cxb4 3. d4 d5 4. e5 Nc6 5. Ne2 Bg4 6. f3 Bf5 7. g4 Bd7 8. a3 a5
9. axb4 axb4 10. Rxa8 Qxa8 11. Ng3 Qa7 12. Bb2 e6 13. Be2 Nge7 14. f4 Nc8 15.
O-O Qb6 16. Kh1 N8a7 17. Qd3 Na5 18. Nd2 Bb5 19. Qf3 Nc4 20. Nxc4 dxc4 21. Qf2
Bc6+ 22. Kg1 Bd5 23. f5 Be7 24. Nh5 Nc6 25. c3 bxc3 26. Bxc3 Qb3 27. Nxg7+ Kd7
28. Qe1 Rg8 29. Qa1 Qc2 30. Rf2 Bh4 31. fxe6+ Bxe6 32. Rg2 Rxg7 33. Bxc4 Qe4
34. Bxe6+ fxe6 35. h3 h5 36. Qa8 Qb1+ 37. Kh2 hxg4 38. Rb2 g3+ 39. Kg2 Qe4+ 40.
Kg1 Qe3+ 41. Kg2 Qf2+ 42. Rxf2 gxf2+ 43. Kh2 f1=Q 44. Qxb7+ Kd8 45. Qxg7 Qf4+
46. Kh1 Qc1+ 47. Kh2 Qxc3 48. Qh8+ Kd7 49. Qxh4 Qxd4 50. Qh7+ Ne7 51. Qg7 Qf4+
52. Kg1 Qc1+ 53. Kf2 Qc2+ 54. Ke1 Qg6 55. Qh8 Nc6 56. h4 Qe4+ 57. Kd2 Qd4+ 58.
Kc2 Qxe5 59. Qh7+ Kd6 60. Kd2 Qd5+ 61. Kc1 Qc5+ 62. Kd2 Ne5 63. h5 Qf2+ 64. Kc3
Qf5 65. Qh8 Nf7 66. Qf8+ Ke5 67. h6 Qh3+ 68. Kc4 Nxh6 69. Qg7+ Kf4 70. Qd4+ Kg5
71. Qd8+ Kg6 72. Qe8+ Nf7 73. Kd4 Qh4+ 74. Ke3 Qg5+ 75. Ke4 e5 76. Qe6+ Qf6 77.
Qg4+ Ng5+ 78. Kd5 e4 79. Qg3 Qd8+ 80. Kc4 Qd2 81. Qa3 e3 82. Qd3+ Kh5 83. Kd4
Ne6+ 84. Kc4 Nf4 85. Qf5+ Kh6 86. Qxf4+ 1/2-1/2

[Event "14. Sparkassen Open 2015 - Gruppe A"]
[Site "Forchheim"]
[Date "2015.10.04"]
[Round "4.12"]
[White "Kroneder, Christian"]
[Black "Köhler, Gerhard"]
[Result "1/2-1/2"]
[WhiteElo "2045"]
[BlackElo "2178"]
[PlyCount "126"]
[EventDate "2015.??.??"]
[WhiteTeam "SK Schwanstetten"]
[BlackTeam "USV VB Halle"]

1. e4 c5 2. Nf3 e6 3. d4 cxd4 4. Nxd4 a6 5. Nc3 Qc7 6. g3 Bb4 7. Bd2 Nf6 8. Bg2
Nc6 9. Nb3 Ne5 10. O-O Be7 11. f4 Nc4 12. e5 Ng8 13. Ne4 f5 14. Nc3 Nxb2 15.
Qe2 Nc4 16. Be1 Rb8 17. g4 Nh6 18. gxf5 Nxf5 19. Be4 O-O 20. Qd3 Nb2 21. Qh3 b5
22. Bxf5 Rxf5 23. Nd5 Bc5+ 24. Bf2 Bxf2+ 25. Rxf2 Qd8 26. Nf6+ Rxf6 27. exf6
Qxf6 28. f5 e5 29. Re1 Bb7 30. Nc5 d6 31. Nxb7 Rxb7 32. Qf3 Qf7 33. f6 gxf6 34.
Ref1 Nc4 35. Rg2+ Kf8 36. Qh3 Ke7 37. Qc8 Rd7 38. Rf3 d5 39. Rfg3 Nd6 40. Qc5
Ke6 41. Rd3 Nc4 42. Qc6+ Rd6 43. Qc8+ Qd7 44. Qg8+ Qf7 45. Qc8+ Ke7 46. Rdg3
Nb6 47. Qxa6 Qh5 48. h3 Qd1+ 49. Kh2 Qf1 50. Qb7+ Ke6 51. Qxh7 Qf4 52. Kh1 Rd7
53. Qg8+ Kd6 54. Qf8+ Kc6 55. Rc3+ Nc4 56. Qc8+ Rc7 57. Qe6+ Kc5 58. Qe8 d4 59.
Qf8+ Kc6 60. Qa8+ Kb6 61. Qb8+ Rb7 62. Qd8+ Kc6 63. Qe8+ Kb6 1/2-1/2

[Event "14. Sparkassen Open 2015 - Gruppe A"]
[Site "Forchheim"]
[Date "2015.10.04"]
[Round "4.13"]
[White "Gentner, Markus"]
[Black "Eiber, Manfred"]
[Result "1-0"]
[WhiteElo "2021"]
[BlackElo "2154"]
[PlyCount "142"]
[EventDate "2015.??.??"]
[WhiteTeam "SC Murrhardt"]
[BlackTeam "SW Nürnberg Süd"]

1. Nf3 g6 2. c4 Bg7 3. Nc3 d6 4. d4 Nd7 5. e4 c5 6. Be3 Qa5 7. Be2 Ngf6 8. O-O
Ng4 9. Bf4 cxd4 10. Nxd4 Ngf6 11. Be3 O-O 12. Qd2 Re8 13. f3 Nc5 14. Rab1 Ne6
15. Rfc1 Nxd4 16. Bxd4 Be6 17. Qe3 Qh5 18. Rc2 b6 19. Qf2 Nd7 20. Bxg7 Kxg7 21.
Nd5 Rac8 22. Rbc1 Qe5 23. f4 Qxe4 24. Bf3 Qd3 25. Rd1 Qxc4 26. Rxc4 Rxc4 27.
Qd2 Bxd5 28. Bxd5 Rc7 29. Rc1 Rec8 30. Rxc7 Rxc7 31. b4 Nf6 32. Bb3 Kg8 33. h3
h5 34. f5 Kg7 35. fxg6 fxg6 36. Bc2 Nh7 37. Qd3 Nf8 38. g4 hxg4 39. hxg4 e6 40.
g5 d5 41. Qd4+ Kg8 42. Ba4 Rf7 43. Bc2 Kh7 44. Qh4+ Kg8 45. Kg2 Rh7 46. Qd4 Rf7
47. Qe5 Kh7 48. Qb8 Kg7 49. Qe8 Rc7 50. Ba4 Rf7 51. Qd8 Rf5 52. Bd7 Nh7 53.
Bxe6 Rxg5+ 54. Kf2 Rh5 55. Bxd5 Rf5+ 56. Kg3 Nf6 57. Bf3 Rg5+ 58. Kf2 Rf5 59.
Qe7+ Kh6 60. Qxa7 b5 61. Qb8 Kg7 62. Ke3 g5 63. Bc6 g4 64. Bxb5 Rf3+ 65. Ke2
Kh6 66. Bc6 Rf5 67. b5 Kg5 68. b6 Rc5 69. Qd6 Rc2+ 70. Ke3 Rc3+ 71. Kd2 Ne4+
1-0